000 01377cam a2200133 4500500
005 20251214001512.0
041 _afre
042 _adc
100 1 0 _aJost, François
_eauthor
245 0 0 _aComprendre la télévision et ses programmes - 3e éd. : 3e édition actualisée et augmentée
260 _bArmand Colin,
_c2017.
520 _aDepuis la création de la télévision, on déplore la baisse de la qualité des émissions, et l’on incrimine le règne de l’argent et de l’audience, mais la méconnaissance de ses mécanismes empêche d’aller au-delà de la critique. L’objectif de cet ouvrage est de proposer des repères essentiels et des outils indispensables à tous ceux qui, convaincus de l’importance de ce média, veulent comprendre ses structures, ses enjeux et ses évolutions. Plutôt que de condamner la télévision, l’auteur y met en lumière les logiques qui conduisent à proposer telle émission à telle heure, et le téléspectateur à la suivre. Cette nouvelle édition prolonge l’analyse de la fabrique des grilles de programmes par des pistes de réflexion sur l’avenir de la télévision à l’ère d’Internet et de la multiplication des écrans aptes à recevoir des images diffusées.
856 4 1 _uhttps://shs.cairn.info/comprendre-la-television-et-ses-programmes--9782200617691?lang=fr&redirect-ssocas=7080
999 _c1566232
_d1566232